000 00502nam a2200205Ia 4500
003 OSt
005 20140312101950.0
008 140130s9999 xx 000 0 und d
020 _a9780590058995
050 _aPZ 7
_b.In61Sm 1997
100 _aIntrater, Roberta Grobel.
245 _cRoberta Grobel Intrater.
_aSmile! /
260 _bScholastic,
_c1997.
_aUSA :
300 _a15 p. :
_bcol. ill. ;
_c16 cm.
440 _v1
521 _aG1
526 _c210
942 _cBK
_2lcc
999 _c41853
_d41853